000 00574nmm a22001817a 4500
003 OSt
005 20240429095612.0
006 eBook
008 240429b |||||||| |||| 00| 0 eng d
040 _cMRSPTU
100 _aITL Education Solutions Limited
245 _aComputer Programming and IT : For RTU
250 _a1st
260 _aNew Delhi
_bPearson
_c2011
600 _2Computer Science
856 _3Click here to access the e-book
_uhttps://ebookcentral.proquest.com/lib/gzsptuc/detail.action?docID=5125069&query=Computer+Programming+and+IT
942 _2ddc
_cEB
_n1
999 _c10162
_d10162